000 01465nam a22003737a 4500
003 CHAP
005 20220817044538.0
008 030912s2012 mx r 00010 spa d
010 _a103833
011 _a104805
035 _a115495
040 _cCHAP
090 _aTesis
100 1 _aCruz Millán, Miguel Gavier de la.
_929510
245 1 0 _aFertilización foliar con potasio, calcio y silicio en fresa (Fragaria x. ananassa duch)
_h[En línea]
_c/por Miguel Gavier de la Cruz Millán
260 _aChapingo, Méx. :
_bEl autor,
_c2012
500 _aPara ver el contenido del material haga clic en la liga
502 _aTesis (M.C. en Horticultura) -- UACH. Departamento de Fitotecnia
590 _aALEPH
_b10
_c20130110
_lUCH01
_h1546
590 _aBATCH-UPD
_b10
_c20130110
_lUCH01
_h1620
590 _aBATCH-UPD
_b10
_c20130410
_lUCH01
_h1015
590 _aBATCH-UPD
_b10
_c20130914
_lUCH01
_h0815
590 _aBATCH-UPD
_b10
_c20140324
_lUCH01
_h1533
590 _aBATCH-UPD
_b10
_c20141002
_lUCH01
_h0855
590 _aCONVERSION
_b10
_c20130109
_lUCH01
_h1357
650 1 4 _aCalcio
_xEfecto en plantas.
_917337
650 1 4 _aFertilizantes
_xEfecto en fresa.
_940510
650 1 4 _aPotasio
_xEfecto en plantas.
856 _3Finding aid
_uhttp://10.13.5.2/tesis/115495.pdf
_zTeclea aqui
901 _aBK
942 _cFOLL
949 _aTesis
_bBC
_cTES
_d33724002332033
_eTS2
_fc.2
_h53925
_i115495
_st
949 _aTesis
_bBC
_cTES
_d33724002332074
_eTS1
_h53924
_i115495
_st
999 _c103833
_d103833